000 02547cam a2200481 4500
001 1738838315
003 DE-627
005 20211027125509.0
007 cr uuu---uuuuu
008 201116s2020 xx |||||om 00| ||ger c
020 _a9783835345720
_9978-3-8353-4572-0
035 _a(DE-627)1738838315
035 _a(DE-599)KEP059508124
035 _a(EBL)EBL6382373
035 _a(EBC)EBC6382373
035 _a(EBP)059508124
040 _aDE-627
_bger
_cDE-627
041 _ager
100 1 _aHaas, Carlos Aberto
_eVerfasserIn
_4aut
245 1 4 _aDas Private im Ghetto
_bjüdisches Leben im deutsch besetzten Polen 1939 bis 1944
_cCarlos Alberto Haas
264 1 _aGöttingen
_bWallstein Verlag
_c[2020]
264 4 _c© 2020
300 _a1 Online-Ressource (30 Seiten)
336 _aText
_btxt
_2rdacontent
337 _aComputermedien
_bc
_2rdamedia
338 _aOnline-Ressource
_bcr
_2rdacarrier
490 0 _aDas Private im Nationalsozialismus
_vBand 3
500 _aE-Book-Nomos eLibrary / Zugriff nur im DHI-Lesesaal
502 _bDissertation
_cLudwig-Maximilian-Universität
_d2018
520 _aUmschlag -- Titel -- Impressum -- Inhalt -- Editorial -- Einleitung -- 1. Auswahl der Ghettos -- 2. Zum Quellenkorpus -- 3. Forschungsstand -- 4. Methodische Grundlagen: Nähe und Distanz als Praxisfelder des Privaten -- I. Kontinuitätslinien jüdischen Lebens -- 1. Die jüdische Bevölkerung Polens in der Zwischenkriegszeit -- 2. Neue Grundlagen - Kriegsausbruch und Kampfhandlungen -- II. Rahmenbedingungen des Privaten im Ghetto -- 1. Private Zeit -- 2. Privater Raum -- III. Individuum und sozialer Nahbereich -- 1. Alleinsein im Ghetto -- 2. Nähe und Distanz -- IV. Religion und Glaube -- 1. Jüdische Religion als Deutungsressource -- 2. Individuelle Identitätskonstruktion -- Transformationen des Privaten -- Dank -- Anhang -- Abkürzungen -- Quellen- und Literaturverzeichnis -- Personenregister.
650 4 _aGetto
650 4 _aAlltag
650 4 _a Privatsphäre
650 4 _aJudenvernichtung
651 4 _aPolen
655 7 _aHochschulschrift
_0(DE-588)4113937-9
_0(DE-627)105825778
_0(DE-576)209480580
_2gnd-content
751 _aMünchen
_0(DE-588)4127793-4
_0(DE-627)105722073
_0(DE-576)209596570
_4uvp
776 1 _z9783835338432
776 0 8 _iErscheint auch als
_nDruck-Ausgabe
_aHaas, Carlos Alberto, 1985 -
_tDas Private im Ghetto
_dGöttingen : Wallstein Verlag, 2020
_h370 Seiten
_z9783835338432
856 4 0 _udoi.org/10.5771/9783835345720
_zVolltext
942 _2z
_cEB
999 _c58021
_d58022